| 000 -LEADER |
| fixed length control field |
01077cam a2200253 i 4500 |
| 001 - CONTROL NUMBER |
| control field |
18448269 |
| 005 - DATE AND TIME OF LATEST TRANSACTION |
| control field |
20221110145545.0 |
| 008 - FIXED-LENGTH DATA ELEMENTS--GENERAL INFORMATION |
| fixed length control field |
150114s2015 enka b 001 0 eng d |
| 010 ## - LIBRARY OF CONGRESS CONTROL NUMBER |
| LC control number |
2015930867 |
| 020 ## - INTERNATIONAL STANDARD BOOK NUMBER |
| International Standard Book Number |
9780198719595x |
| 041 ## - LANGUAGE CODE |
| Language code of text/sound track or separate title |
eng |
| 080 ## - UNIVERSAL DECIMAL CLASSIFICATION NUMBER |
| Universal Decimal Classification number |
32 G-60 |
| 100 1# - MAIN ENTRY--PERSONAL NAME |
| Personal name |
Goldthau, Andreas, |
| 9 (RLIN) |
10392 |
| 245 12 - TITLE STATEMENT |
| Title |
A liberal actor in a realist world : |
| Remainder of title |
the European Union regulatory state and the global political economy of energy / |
| Statement of responsibility, etc. |
Andreas Goldthau and Nick Sitter. |
| 250 ## - EDITION STATEMENT |
| Edition statement |
First edition. |
| 264 #1 - PRODUCTION, PUBLICATION, DISTRIBUTION, MANUFACTURE, AND COPYRIGHT NOTICE |
| Place of production, publication, distribution, manufacture |
Oxford : |
| Name of producer, publisher, distributor, manufacturer |
Oxford University Press, |
| Date of production, publication, distribution, manufacture, or copyright notice |
2015. |
| 300 ## - PHYSICAL DESCRIPTION |
| Extent |
viii, 168 pages : |
| Other physical details |
illustrations ; |
| Dimensions |
24 cm. |
| 653 ## - INDEX TERM--UNCONTROLLED |
| keyword |
ევროკავშირი |
| 700 1# - ADDED ENTRY--PERSONAL NAME |
| Personal name |
Sitter, Nick |
| Relator term |
ავტორი |
| 9 (RLIN) |
10393 |
| 856 42 - ELECTRONIC LOCATION AND ACCESS |
| Materials specified |
Contributor biographical information |
| Uniform Resource Identifier |
http://www.loc.gov/catdir/enhancements/fy1604/2015930867-b.html |
| 856 42 - ELECTRONIC LOCATION AND ACCESS |
| Materials specified |
Publisher description |
| Uniform Resource Identifier |
http://www.loc.gov/catdir/enhancements/fy1604/2015930867-d.html |
| 856 41 - ELECTRONIC LOCATION AND ACCESS |
| Materials specified |
Table of contents only |
| Uniform Resource Identifier |
http://www.loc.gov/catdir/enhancements/fy1604/2015930867-t.html |
| 942 ## - ADDED ENTRY ELEMENTS (KOHA) |
| Source of classification or shelving scheme |
|
| Koha item type |
წიგნი |